000 00400 a2200157 4500
001 52600
020 _a
040 _cAnchieta - Pituba
100 _aFabiane Mesquita e Suilan Lago
240 1 0 _a1ª Avaliação de Língua Portuguesa, I Unidade
_lpor
245 1 0 _a1ª Avaliação de Língua Portuguesa, I Unidade
300 _a8
362 0 _a2015
650 4 _aLíngua Portuguesa
942 _cBK
999 _c52600
_d52600